000 00596nam a2200205Ia 4500
003 GCL
008 140319s9999 xx 000 0 ara d
040 _aGCL /
_cGCL
082 0 4 _a801.95
_bش ن
100 1 _aشكرى عياد
245 1 0 _aالنقد والبلاغة /
_cشكرى عياد
300 _a62 ص
490 _aموسوعة الحضارة العربية الاسلامية
_v0
650 0 4 _aالادب العربى
650 0 4 _aالنقد
650 0 4 _aالادب
650 0 4 _aالبلاغة
650 0 4 _aالادب العربى - تاريخ ونقد
942 _2ddc
_cBK
999 _c48211
_d48211